[Event "Karabakh 2005"]
[Site "Stepanakert ARM"]
[Date "2005.10.02"]
[Round "1.1"]
[White "Anastasian, Ashot"]
[Black "Macieja, Bartlomiej"]
[Result "1-0"]
[WhiteElo "2596"]
[BlackElo "2592"]
[PlyCount "109"]
[EventDate "2005.10.01"]
[EventType "tourn"]
[EventRounds "9"]
[EventCountry "ARM"]
[EventCategory "17"]
[Source "lmi"]
[SourceDate "2005.10.13"]

1. d4 Nf6 2. c4 e6 3. Nf3 b6 4. Nc3 Bb7 5. a3 d5 6. Bg5 Be7 7. Bxf6 Bxf6 8.
cxd5 exd5 9. g3 O-O 10. Bg2 Qe7 11. O-O Rd8 12. Qd2 c5 13. Rfd1 Nc6 14. e3 cxd4
15. Nxd4 Nxd4 16. exd4 Rac8 17. Re1 Qd7 18. Qf4 Qc7 19. Qe3 g6 20. Bh3 Ra8 21.
Rac1 Qb8 22. Nb5 Re8 23. Qxe8+ Qxe8 24. Rxe8+ Rxe8 25. Nd6 Re2 26. Nxb7 Bxd4
27. b4 Rxf2 28. Kh1 Bb2 29. Rd1 b5 30. Rd3 Rc2 31. Bd7 Rc1+ 32. Kg2 Ra1 33.
Bxb5 Bxa3 34. Rb3 Ra2+ 35. Kf3 Bc1 36. Be2 d4 37. Nd6 Bg5 38. Bc4 Rxh2 39. Nxf7
Bf6 40. Ra3 Rc2 41. Nd6+ Kf8 42. Rxa7 Be7 43. Ra8+ Kg7 44. Rg8+ Kf6 45. Ne4+
Ke5 46. Bd3 Rb2 47. Re8 Ke6 48. b5 Kd7 49. Rh8 h5 50. Rh6 Rb3 51. Nf2 Bb4 52.
Ke4 Be1 53. Nh3 Bxg3 54. Rxg6 h4 55. Ng5 1-0

[Event "Karabakh 2005"]
[Site "Stepanakert ARM"]
[Date "2005.10.02"]
[Round "1.5"]
[White "Ivanchuk, Vassily"]
[Black "Bu Xiangzhi"]
[Result "0-1"]
[WhiteElo "2748"]
[BlackElo "2637"]
[PlyCount "90"]
[EventDate "2005.10.01"]
[EventType "tourn"]
[EventRounds "9"]
[EventCountry "ARM"]
[EventCategory "17"]
[Source "lmi"]
[SourceDate "2005.10.13"]

1. e4 c5 2. Nf3 d6 3. d4 cxd4 4. Nxd4 Nf6 5. Nc3 a6 6. Be3 e5 7. Nb3 Be6 8. f3
Nbd7 9. g4 b5 10. g5 b4 11. Nd5 Nxd5 12. exd5 Bf5 13. Bd3 Bxd3 14. Qxd3 Be7 15.
Rg1 O-O 16. O-O-O a5 17. Kb1 f5 18. gxf6 Nxf6 19. f4 e4 20. Qe2 Qc8 21. Rg5 h6
22. Rg6 Rf7 23. Nd4 Nxd5 24. Ne6 Bf6 25. Nxg7 Ne7 26. Nf5+ Nxg6 27. Nxh6+ Kf8
28. Nxf7 Kxf7 29. Qh5 Qc4 30. f5 Ke7 31. fxg6 Rh8 32. Qxa5 Rxh2 33. Qa7+ Kf8
34. Rc1 Rg2 35. b3 Qe6 36. Qh7 Ke8 37. Rf1 Rg3 38. Bc1 e3 39. Qh5 Qe5 40. Qxe5+
Bxe5 41. Re1 Kd7 42. Bxe3 Rxg6 43. Rg1 Rxg1+ 44. Bxg1 Bc3 45. Kc1 Ke6 0-1

[Event "Karabakh 2005"]
[Site "Stepanakert ARM"]
[Date "2005.10.03"]
[Round "2.1"]
[White "Macieja, Bartlomiej"]
[Black "Bu Xiangzhi"]
[Result "1/2-1/2"]
[WhiteElo "2592"]
[BlackElo "2637"]
[PlyCount "91"]
[EventDate "2005.10.01"]
[EventType "tourn"]
[EventRounds "9"]
[EventCountry "ARM"]
[EventCategory "17"]
[Source "lmi"]
[SourceDate "2005.10.13"]

1. c4 e5 2. Nf3 e4 3. Nd4 Nc6 4. Nc2 d5 5. cxd5 Qxd5 6. Nc3 Qe5 7. d4 exd3 8.
Qxd3 Nf6 9. e4 Bc5 10. Be3 O-O 11. f4 Qh5 12. Be2 Bg4 13. Bxg4 Nxg4 14. Bxc5
Qxc5 15. Qf3 Qb6 16. O-O-O Nf2 17. Nd5 Qc5 18. b4 Nxb4 19. Ndxb4 Nxh1 20. Rxh1
Rfd8 21. Nd5 c6 22. Nde3 Qa5 23. Kb1 Rd2 24. Rd1 Rad8 25. Rxd2 Rxd2 26. Qg4 h5
27. Qc8+ Rd8 28. Qxb7 Qa4 29. Qe7 Rb8+ 30. Kc1 Qxa2 31. e5 c5 32. f5 c4 33. e6
fxe6 34. Qxe6+ Kh8 35. Qe5 Qb1+ 36. Kd2 Rd8+ 37. Ke2 Qb6 38. h3 a5 39. g4 c3
40. g5 Qc6 41. Kf2 Re8 42. Qxa5 Qd6 43. f6 gxf6 44. gxf6 Qxf6+ 45. Ke2 Qe5 46.
Qxe5+ 1/2-1/2

[Event "Karabakh 2005"]
[Site "Stepanakert ARM"]
[Date "2005.10.04"]
[Round "3.2"]
[White "Bologan, Viktor"]
[Black "Anastasian, Ashot"]
[Result "1/2-1/2"]
[WhiteElo "2682"]
[BlackElo "2596"]
[PlyCount "84"]
[EventDate "2005.10.01"]
[EventType "tourn"]
[EventRounds "9"]
[EventCountry "ARM"]
[EventCategory "17"]
[Source "lmi"]
[SourceDate "2005.10.13"]

1. e4 e6 2. d4 d5 3. Nc3 dxe4 4. Nxe4 Nd7 5. Nf3 Ngf6 6. Bd3 Nxe4 7. Bxe4 Nf6
8. Bg5 Qd6 9. Bxf6 gxf6 10. Qe2 Bg7 11. O-O O-O 12. c3 f5 13. Bc2 b6 14. Ne5
Bb7 15. Bb3 c5 16. Rad1 cxd4 17. cxd4 Rad8 18. Qh5 Qe7 19. Rfe1 Bd5 20. Re3
Bxe5 21. dxe5 Bxb3 22. Rxb3 Qh4 23. Qe2 Rxd1+ 24. Qxd1 Rd8 25. Rd3 Rxd3 26.
Qxd3 Qb4 27. Qe2 Qd4 28. g3 Kg7 29. b3 h6 30. Kg2 Kg6 31. Kh3 h5 32. f4 Qd5 33.
b4 b5 34. a3 a6 35. Qf1 Kh6 36. Qe2 Kg6 37. Qe3 Kg7 38. Qc3 Qd1 39. Qe3 Qf1+
40. Kh4 Qd1 41. Kh3 Qf1+ 42. Kh4 Qd1 1/2-1/2

[Event "Karabakh 2005"]
[Site "Stepanakert ARM"]
[Date "2005.10.05"]
[Round "4.3"]
[White "Asrian, Karen"]
[Black "Ivanchuk, Vassily"]
[Result "1/2-1/2"]
[WhiteElo "2645"]
[BlackElo "2748"]
[PlyCount "39"]
[EventDate "2005.10.01"]
[EventType "tourn"]
[EventRounds "9"]
[EventCountry "ARM"]
[EventCategory "17"]
[Source "lmi"]
[SourceDate "2005.10.13"]

1. e4 e5 2. Nf3 Nc6 3. Bb5 a6 4. Ba4 Nf6 5. O-O Nxe4 6. d4 b5 7. Bb3 d5 8. dxe5
Be6 9. Be3 Be7 10. c3 Qd7 11. Nbd2 O-O 12. Nxe4 dxe4 13. Qxd7 Bxd7 14. e6 Bxe6
15. Bxe6 fxe6 16. Nd2 Ne5 17. Nxe4 Nc4 18. Bc1 Rf5 19. a4 Raf8 20. axb5 1/2-1/2

[Event "Karabakh 2005"]
[Site "Stepanakert ARM"]
[Date "2005.10.05"]
[Round "4.4"]
[White "Anastasian, Ashot"]
[Black "Sokolov, Ivan"]
[Result "1-0"]
[WhiteElo "2596"]
[BlackElo "2696"]
[PlyCount "71"]
[EventDate "2005.10.01"]
[EventType "tourn"]
[EventRounds "9"]
[EventCountry "ARM"]
[EventCategory "17"]
[Source "lmi"]
[SourceDate "2005.10.13"]

1. d4 d5 2. c4 c6 3. Nf3 Nf6 4. Nc3 dxc4 5. a4 Bf5 6. Ne5 Nbd7 7. Nxc4 Qc7 8.
Bg5 Ne4 9. Nxe4 Bxe4 10. f3 Bg6 11. e4 e5 12. Be2 f6 13. Be3 exd4 14. Qxd4 Bb4+
15. Kf2 Bc5 16. Qd2 Qf4 17. b4 Bxe3+ 18. Qxe3 Qxe3+ 19. Kxe3 O-O-O 20. b5 c5
21. a5 Kb8 22. b6 a6 23. Rhd1 Bf7 24. Rac1 Rhf8 25. Rd6 Rfe8 26. Rcd1 Re7 27.
f4 h5 28. g4 Be6 29. f5 Bf7 30. e5 fxe5 31. g5 Kc8 32. R6d2 Bxc4 33. Bxc4 Rde8
34. Be6 Rxe6 35. fxe6 Nf8 36. Rd5 1-0

[Event "Karabakh 2005"]
[Site "Stepanakert ARM"]
[Date "2005.10.06"]
[Round "5.4"]
[White "Bu Xiangzhi"]
[Black "Asrian, Karen"]
[Result "1/2-1/2"]
[WhiteElo "2637"]
[BlackElo "2645"]
[PlyCount "303"]
[EventDate "2005.10.01"]
[EventType "tourn"]
[EventRounds "9"]
[EventCountry "ARM"]
[EventCategory "17"]
[Source "lmi"]
[SourceDate "2005.10.13"]

1. d4 e6 2. c4 Nf6 3. Nc3 Bb4 4. Qc2 O-O 5. a3 Bxc3+ 6. Qxc3 d6 7. Bg5 Nbd7 8.
c5 dxc5 9. dxc5 Qe7 10. Rc1 h6 11. Bh4 e5 12. e3 Re8 13. Nf3 Nf8 14. Qc2 Ng6
15. Bxf6 Qxf6 16. Bd3 Nh4 17. Nxh4 Qxh4 18. Be4 c6 19. O-O Be6 20. Rfd1 Red8
21. Rd6 Rxd6 22. cxd6 Rd8 23. Rd1 Kh8 24. b4 Rd7 25. g3 Qd8 26. Qc5 Bd5 27.
Bxd5 Rxd6 28. e4 b6 29. Qc4 b5 30. Qc5 a6 31. Rd3 f5 32. Bc4 Rxd3 33. Bxd3 Qxd3
34. Qf8+ Kh7 35. Qxf5+ Kh8 36. Qxe5 Qxa3 37. Qd6 a5 38. Qf8+ Kh7 39. Qf5+ Kg8
40. bxa5 b4 41. Kg2 b3 42. Qe6+ Kh7 43. e5 Qxa5 44. Qxb3 Qxe5 45. Qc2+ Kh8 46.
Qxc6 Qb8 47. h4 Qd8 48. f4 Qd2+ 49. Kh3 Qd1 50. Qe8+ Kh7 51. Qe4+ Kh8 52. Kg2
Qd2+ 53. Kf3 Qd1+ 54. Qe2 Qd5+ 55. Qe4 Qd1+ 56. Kf2 Qd2+ 57. Qe2 Qd4+ 58. Kg2
Qd8 59. Qf3 Qd2+ 60. Kf1 Qc1+ 61. Kf2 Qd2+ 62. Qe2 Qd4+ 63. Kg2 Qd5+ 64. Kh2
Qd8 65. f5 Qd4 66. Qf3 Qd2+ 67. Kh3 Qd7 68. Qa8+ Kh7 69. Qe4 Kh8 70. Kg4 Qd1+
71. Qf3 Qa4+ 72. Kh3 Qd7 73. Qa8+ Kh7 74. Qe4 Kh8 75. Kg2 Qd2+ 76. Kf3 Qd1+ 77.
Qe2 Qa4 78. Qd3 Qa1 79. Kf4 Kg8 80. Qc4+ Kh7 81. Qe2 Qd4+ 82. Kf3 Kh8 83. Qc2
Kg8 84. Qe4 Qd1+ 85. Qe2 Qd5+ 86. Kg4 Kh7 87. Qc2 Qd4+ 88. Kf3 Kh8 89. Qe4 Qd1+
90. Kf4 Qd2+ 91. Qe3 Qb4+ 92. Kf3 Qb5 93. g4 Qd5+ 94. Kg3 Qd6+ 95. Kh3 Qf6 96.
Qd3 Qe7 97. Qf3 Kh7 98. Qd3 Kh8 99. Qd4 Qe2 100. Kg3 Qe1+ 101. Qf2 Qe5+ 102.
Kh3 Qe7 103. Qf4 Qa3+ 104. Qg3 Qf8 105. Qe3 Qf6 106. Kg3 Qd6+ 107. Kf3 Qd5+
108. Qe4 Qd8 109. h5 Qd1+ 110. Ke3 Qc1+ 111. Kd4 Qb2+ 112. Kc5 Qa3+ 113. Kb6
Qd6+ 114. Kb5 Qd7+ 115. Kb4 Qd6+ 116. Kc4 Qc7+ 117. Kb3 Qb8+ 118. Kc3 Qg3+ 119.
Kc4 Qc7+ 120. Kb5 Qb8+ 121. Ka6 Qd6+ 122. Kb7 Qd7+ 123. Kb6 Qd6+ 124. Kb5 Qb8+
125. Kc5 Qc7+ 126. Qc6 Qe5+ 127. Qd5 Qc7+ 128. Kb5 Qb8+ 129. Ka6 Qf4 130. Qd1
Kg8 131. Kb7 Qb4+ 132. Kc8 Qc5+ 133. Kd7 Qb5+ 134. Kd6 Qb8+ 135. Ke7 Qe5+ 136.
Kd7 Qb5+ 137. Kd6 Qb8+ 138. Kc5 Qc7+ 139. Kb4 Qb6+ 140. Kc3 Qc5+ 141. Kd3 Qd5+
142. Ke2 Qxd1+ 143. Kxd1 Kf7 144. Ke2 Kf6 145. Ke3 Kg5 146. Kf3 Kf6 147. Kf4
Kf7 148. Ke4 Kf6 149. Kf4 Kf7 150. Ke5 Ke7 151. Ke4 Kf6 152. Kf4 1/2-1/2

[Event "Karabakh 2005"]
[Site "Stepanakert ARM"]
[Date "2005.10.10"]
[Round "8.1"]
[White "Macieja, Bartlomiej"]
[Black "Asrian, Karen"]
[Result "1-0"]
[WhiteElo "2592"]
[BlackElo "2645"]
[PlyCount "87"]
[EventDate "2005.10.01"]
[EventType "tourn"]
[EventRounds "9"]
[EventCountry "ARM"]
[EventCategory "17"]
[Source "lmi"]
[SourceDate "2005.10.13"]

1. e4 c6 2. Nc3 d5 3. d4 dxe4 4. Nxe4 Nf6 5. Nxf6+ gxf6 6. c3 Bf5 7. Nf3 Nd7 8.
Qb3 Nb6 9. a4 a5 10. Be2 e6 11. Bf4 Be4 12. Bg3 h5 13. O-O Be7 14. Rad1 Rg8 15.
Rfe1 f5 16. Ne5 h4 17. Bh5 hxg3 18. Rxe4 gxf2+ 19. Kxf2 Qd5 20. Bxf7+ Kf8 21.
Qxd5 exd5 22. Rf4 Rh8 23. Rxf5 Kg7 24. Ng6 Bh4+ 25. g3 Bf6 26. Nxh8 Rxh8 27.
Bh5 Nxa4 28. Kg1 b5 29. Rdf1 Rh6 30. R1f2 b4 31. g4 bxc3 32. g5 Bxd4 33. gxh6+
Kxh6 34. bxc3 Nxc3 35. Bf3 a4 36. Kf1 Bxf2 37. Kxf2 Kg7 38. Rg5+ Kf6 39. Rg8 c5
40. Ra8 c4 41. Ke3 Ke5 42. Ra5 a3 43. h4 a2 44. h5 1-0

[Event "Karabakh 2005"]
[Site "Stepanakert ARM"]
[Date "2005.10.10"]
[Round "8.2"]
[White "Anastasian, Ashot"]
[Black "Aronian, Levon"]
[Result "1/2-1/2"]
[WhiteElo "2596"]
[BlackElo "2724"]
[PlyCount "30"]
[EventDate "2005.10.01"]
[EventType "tourn"]
[EventRounds "9"]
[EventCountry "ARM"]
[EventCategory "17"]
[Source "lmi"]
[SourceDate "2005.10.13"]

1. d4 Nf6 2. c4 e6 3. Nc3 Bb4 4. Qc2 d5 5. cxd5 exd5 6. Bg5 c5 7. e3 cxd4 8.
exd4 Nc6 9. Bb5 O-O 10. Nge2 Qb6 11. Bxc6 Qxc6 12. O-O Ne4 13. Be3 Bf5 14. Qb3
Bxc3 15. Rac1 Qc4 1/2-1/2

[Event "Karabakh 2005"]
[Site "Stepanakert ARM"]
[Date "2005.10.11"]
[Round "9.5"]
[White "Asrian, Karen"]
[Black "Anastasian, Ashot"]
[Result "1/2-1/2"]
[WhiteElo "2645"]
[BlackElo "2596"]
[PlyCount "25"]
[EventDate "2005.10.01"]
[EventType "tourn"]
[EventRounds "9"]
[EventCountry "ARM"]
[EventCategory "17"]
[Source "lmi"]
[SourceDate "2005.10.13"]

1. e4 c5 2. Nf3 d6 3. d4 cxd4 4. Nxd4 Nf6 5. Nc3 e6 6. Be2 Be7 7. O-O Nc6 8.
Be3 O-O 9. f4 Bd7 10. Nb3 a6 11. Bd3 Nb4 12. a3 Nxd3 13. cxd3 1/2-1/2

[Event "Karabakh 2005 B"]
[Site "Stepanakert ARM"]
[Date "2005.10.02"]
[Round "1.2"]
[White "Sveshnikov, Evgeny"]
[Black "Lopez Martinez, Josep Manuel"]
[Result "1/2-1/2"]
[WhiteElo "2507"]
[BlackElo "2505"]
[PlyCount "101"]
[EventDate "2005.10.01"]
[EventType "tourn"]
[EventRounds "9"]
[EventCountry "ARM"]
[EventCategory "11"]
[Source "lmi"]
[SourceDate "2005.10.13"]

1. e4 e6 2. d4 d5 3. e5 c5 4. c3 Qb6 5. Nf3 Nc6 6. a3 Nh6 7. b4 cxd4 8. cxd4
Nf5 9. Bb2 Bd7 10. g4 Nfe7 11. Nc3 Na5 12. Qc2 Nc4 13. Bxc4 dxc4 14. Nd2 Qc6
15. Nce4 Nc8 16. Nxc4 b5 17. Ne3 Qxc2 18. Nxc2 Bc6 19. f3 h5 20. g5 Nb6 21. Kf2
Be7 22. h4 O-O 23. Ne3 Na4 24. Rab1 a5 25. Ba1 axb4 26. Nf6+ Bxf6 27. gxf6 bxa3
28. d5 Bd7 29. f4 g6 30. dxe6 fxe6 31. f5 exf5 32. Nd5 Kf7 33. Nc7 Ra7 34. Rhc1
Nb2 35. Bxb2 axb2 36. Rxb2 Rc8 37. Rbc2 b4 38. Rc5 b3 39. e6+ Bxe6 40. Nxe6
Rxc5 41. Nxc5 Rc7 42. Nxb3 Rxc1 43. Nxc1 Kxf6 44. Nd3 g5 45. Kg3 f4+ 46. Kf3
gxh4 47. Kxf4 h3 48. Kg3 h2 49. Kxh2 h4 50. Kh3 Kf5 51. Kxh4 1/2-1/2

[Event "Karabakh 2005 B"]
[Site "Stepanakert ARM"]
[Date "2005.10.02"]
[Round "1.4"]
[White "Galstian, Benik"]
[Black "Chibukhchian, Artur"]
[Result "0-1"]
[WhiteElo "2474"]
[BlackElo "2397"]
[PlyCount "139"]
[EventDate "2005.10.01"]
[EventType "tourn"]
[EventRounds "9"]
[EventCountry "ARM"]
[EventCategory "11"]
[Source "lmi"]
[SourceDate "2005.10.13"]

1. e4 c5 2. Nf3 e6 3. b3 d6 4. Bb2 Nf6 5. d3 Nc6 6. g3 g6 7. Nbd2 Bg7 8. Bg2
O-O 9. O-O e5 10. a3 b6 11. c3 d5 12. b4 dxe4 13. dxe4 Qe7 14. b5 Na5 15. c4
Ne8 16. Bc3 Nb7 17. Ne1 Nc7 18. Nc2 Ne6 19. Ne3 Nd4 20. Nd5 Qd8 21. f4 Nd6 22.
Bxd4 cxd4 23. fxe5 Bxe5 24. Nf3 Bg4 25. Nxe5 Bxd1 26. Raxd1 Qg5 27. Nf3 Qh6 28.
Rxd4 Kh8 29. e5 Nf5 30. Rf4 Rad8 31. g4 Nh4 32. Nxh4 Qxh4 33. e6 fxe6 34. Rxf8+
Rxf8 35. Rxf8+ Kg7 36. Rf4 exd5 37. Bxd5 Qg5 38. Re4 h5 39. h3 Qc1+ 40. Kf2
Qb2+ 41. Re2 Qxa3 42. gxh5 gxh5 43. Re3 Qb2+ 44. Kg3 Kg6 45. Kf4 Qd4+ 46. Kf3
Kg5 47. Ke2 Qb2+ 48. Kd3 h4 49. Rf3 Qa1 50. Ke4 Qe1+ 51. Re3 Qa1 52. Be6 Kf6
53. Kd5 Qd1+ 54. Kc6 Qd2 55. Re4 Qd8 56. Kb7 Qe7+ 57. Kb8 Qa3 58. Bd5 Qxh3 59.
Kxa7 Qd7+ 60. Kxb6 h3 61. Re1 h2 62. Rh1 Qd6+ 63. Ka7 Qc7+ 64. Ka6 Qc8+ 65. Ka5
Qc5 66. Ka4 Qg1 67. Ka5 Qa7+ 68. Kb4 Qg1 69. Ka5 Qa7+ 70. Kb4 0-1

[Event "Karabakh 2005 B"]
[Site "Stepanakert ARM"]
[Date "2005.10.02"]
[Round "1.5"]
[White "Yegiazarian, Arsen"]
[Black "Tischbierek, Raj"]
[Result "0-1"]
[WhiteElo "2537"]
[BlackElo "2466"]
[PlyCount "86"]
[EventDate "2005.10.01"]
[EventType "tourn"]
[EventRounds "9"]
[EventCountry "ARM"]
[EventCategory "11"]
[Source "lmi"]
[SourceDate "2005.10.13"]

1. e4 c5 2. Nf3 d6 3. d4 cxd4 4. Nxd4 Nf6 5. Nc3 Nc6 6. Bc4 Bd7 7. O-O g6 8.
Nd5 Bg7 9. Nxc6 Bxc6 10. Bg5 Bxd5 11. exd5 O-O 12. Re1 a6 13. Qe2 Re8 14. Rad1
Qd7 15. Bb3 b5 16. Rd3 Rac8 17. c3 Kf8 18. Rd4 h6 19. Bc1 Rc5 20. Be3 h5 21.
Rb4 Rcc8 22. a4 Rb8 23. axb5 a5 24. Rd4 Qxb5 25. Qxb5 Rxb5 26. Ba4 Rxb2 27.
Bxe8 Nxe8 28. Rc4 Rb7 29. Rc8 f5 30. c4 Kf7 31. Ra8 Bc3 32. Rc1 Rb3 33. Ra7 Nf6
34. h3 Ne4 35. Kh2 Be5+ 36. f4 Bc3 37. c5 dxc5 38. d6 Nxd6 39. Bxc5 Bd2 40. Rf1
Rd3 41. g3 Bb4 42. Rc1 Rd2+ 43. Kg1 Rd1+ 0-1

[Event "Karabakh 2005 B"]
[Site "Stepanakert ARM"]
[Date "2005.10.03"]
[Round "2.1"]
[White "Petrosian, Tigran L"]
[Black "Tischbierek, Raj"]
[Result "1-0"]
[WhiteElo "2568"]
[BlackElo "2466"]
[PlyCount "57"]
[EventDate "2005.10.01"]
[EventType "tourn"]
[EventRounds "9"]
[EventCountry "ARM"]
[EventCategory "11"]
[Source "lmi"]
[SourceDate "2005.10.13"]

1. e4 e5 2. Nf3 d6 3. d4 exd4 4. Nxd4 Nf6 5. Nc3 Be7 6. Be2 O-O 7. O-O Re8 8.
f4 Bf8 9. Bf3 c5 10. Nde2 Nc6 11. h3 Qb6 12. b3 Bd7 13. Be3 Rad8 14. Bf2 Qa5
15. Be1 Qa6 16. Bh4 Be7 17. Bf2 Bf8 18. a3 Qa5 19. b4 Qc7 20. Bh4 Ne7 21. b5
Be6 22. Bxf6 gxf6 23. Ng3 Bc4 24. Be2 Bxe2 25. Qxe2 d5 26. Nh5 Qb6 27. e5 Bg7
28. f5 Kh8 29. Na4 1-0

[Event "Karabakh 2005 B"]
[Site "Stepanakert ARM"]
[Date "2005.10.03"]
[Round "2.2"]
[White "Chibukhchian, Artur"]
[Black "Yegiazarian, Arsen"]
[Result "1/2-1/2"]
[WhiteElo "2397"]
[BlackElo "2537"]
[PlyCount "40"]
[EventDate "2005.10.01"]
[EventType "tourn"]
[EventRounds "9"]
[EventCountry "ARM"]
[EventCategory "11"]
[Source "lmi"]
[SourceDate "2005.10.13"]

1. e4 e5 2. Bc4 Nf6 3. d3 c6 4. Nf3 Be7 5. O-O Qc7 6. Bb3 O-O 7. Re1 d6 8. c3
Nbd7 9. d4 b6 10. Nbd2 Bb7 11. Nf1 c5 12. Ng3 c4 13. Bc2 Rfe8 14. Nf5 Bf8 15.
Bg5 h6 16. Be3 Bxe4 17. Bxe4 Nxe4 18. Bxh6 Ndf6 19. Bg5 Nxg5 20. Nxg5 g6
1/2-1/2

[Event "Karabakh 2005 B"]
[Site "Stepanakert ARM"]
[Date "2005.10.03"]
[Round "2.3"]
[White "L'Ami, Erwin"]
[Black "Galstian, Benik"]
[Result "1-0"]
[WhiteElo "2541"]
[BlackElo "2474"]
[PlyCount "97"]
[EventDate "2005.10.01"]
[EventType "tourn"]
[EventRounds "9"]
[EventCountry "ARM"]
[EventCategory "11"]
[Source "lmi"]
[SourceDate "2005.10.13"]

1. e4 e5 2. Nf3 Nc6 3. Bb5 Nf6 4. O-O d6 5. d4 Bd7 6. Re1 Be7 7. Nc3 exd4 8.
Nxd4 O-O 9. Bxc6 bxc6 10. b3 d5 11. e5 Bb4 12. Bd2 Bxc3 13. Bxc3 Ne4 14. Bb2 c5
15. Ne2 Bc6 16. Ba3 Qh4 17. f3 d4 18. Rf1 Ng5 19. Bxc5 Rfd8 20. Qe1 Qxe1 21.
Rfxe1 Ne6 22. Ba3 d3 23. cxd3 Rxd3 24. Rac1 Bb7 25. Red1 Rad8 26. Rxd3 Rxd3 27.
Bb4 c5 28. Bc3 g5 29. Kf2 Bd5 30. Rc2 c4 31. b4 a6 32. Rd2 Nf4 33. Nxf4 gxf4
34. Rxd3 cxd3 35. a3 Kg7 36. Bd2 Kg6 37. Bxf4 Kf5 38. Bg3 Bc6 39. Ke3 Bb5 40.
Kd2 h5 41. h3 Kg5 42. Bh2 Kf5 43. Ke3 Kg5 44. g4 hxg4 45. hxg4 Bc6 46. Bf4+ Kg6
47. Kf2 f6 48. exf6 Kxf6 49. Bd2 1-0

[Event "Karabakh 2005 B"]
[Site "Stepanakert ARM"]
[Date "2005.10.04"]
[Round "3.1"]
[White "Sveshnikov, Evgeny"]
[Black "Petrosian, Tigran L"]
[Result "1/2-1/2"]
[WhiteElo "2507"]
[BlackElo "2568"]
[PlyCount "79"]
[EventDate "2005.10.01"]
[EventType "tourn"]
[EventRounds "9"]
[EventCountry "ARM"]
[EventCategory "11"]
[Source "lmi"]
[SourceDate "2005.10.13"]

1. e4 e5 2. Nf3 Nf6 3. Nxe5 d6 4. Nf3 Nxe4 5. d4 d5 6. Bd3 Bd6 7. O-O O-O 8. c4
c6 9. Qc2 Na6 10. a3 f5 11. c5 Bb8 12. Bxa6 bxa6 13. Ne5 Bxe5 14. dxe5 Qe7 15.
b4 f4 16. f3 Ng5 17. Nd2 Bf5 18. Qc3 d4 19. Qc4+ Ne6 20. Bb2 Rad8 21. Qxa6 Qd7
22. Qc4 Kh8 23. Rfe1 g5 24. h3 h5 25. Ne4 Bxe4 26. Rxe4 d3 27. Rd1 Qd5 28. Kf2
Rf7 29. Rxd3 Qxd3 30. Qxe6 Rfd7 31. Qh6+ Kg8 32. Qg6+ Kf8 33. Qh6+ Kg8 34. Bd4
Rxd4 35. Qxg5+ Kh8 36. Qh6+ Kg8 37. Qg6+ Kh8 38. Qxh5+ Kg8 39. Qg6+ Kh8 40.
Qh6+ 1/2-1/2

[Event "Karabakh 2005 B"]
[Site "Stepanakert ARM"]
[Date "2005.10.04"]
[Round "3.3"]
[White "Galstian, Benik"]
[Black "Lopez Martinez, Josep Manuel"]
[Result "1-0"]
[WhiteElo "2474"]
[BlackElo "2505"]
[PlyCount "87"]
[EventDate "2005.10.01"]
[EventType "tourn"]
[EventRounds "9"]
[EventCountry "ARM"]
[EventCategory "11"]
[Source "lmi"]
[SourceDate "2005.10.13"]

1. e4 e6 2. d4 d5 3. Nc3 Bb4 4. e5 Ne7 5. a3 Bxc3+ 6. bxc3 c5 7. Nf3 Qa5 8. Bd2
Bd7 9. a4 Nbc6 10. Bb5 Qc7 11. O-O h6 12. Bc1 b6 13. Ba3 Na5 14. Nd2 Bxb5 15.
axb5 O-O 16. Qe2 Nb7 17. f4 Rfc8 18. g4 Qd7 19. Qd3 Rc7 20. f5 cxd4 21. cxd4
Rac8 22. Bb4 Rxc2 23. Rxa7 R2c7 24. h4 exf5 25. gxf5 Rc1 26. Bxe7 Qxe7 27. f6
gxf6 28. exf6 Qxf6 29. Rxb7 R8c3 30. Qxc3 Qg6+ 31. Kf2 Rxc3 32. Rg1 Qxg1+ 33.
Kxg1 Rd3 34. Nf1 Rxd4 35. h5 Rb4 36. Rxb6 d4 37. Kf2 Rb2+ 38. Kf3 Rb3+ 39. Ke4
Rh3 40. Rxh6 Kg7 41. Rd6 Rxh5 42. Rd5 Rh1 43. Nd2 Kf6 44. b6 1-0

[Event "Karabakh 2005 B"]
[Site "Stepanakert ARM"]
[Date "2005.10.04"]
[Round "3.4"]
[White "Yegiazarian, Arsen"]
[Black "L'Ami, Erwin"]
[Result "1/2-1/2"]
[WhiteElo "2537"]
[BlackElo "2541"]
[PlyCount "166"]
[EventDate "2005.10.01"]
[EventType "tourn"]
[EventRounds "9"]
[EventCountry "ARM"]
[EventCategory "11"]
[Source "lmi"]
[SourceDate "2005.10.13"]

1. e4 e5 2. Nf3 Nc6 3. Bb5 a6 4. Ba4 Nf6 5. d3 d6 6. c4 g6 7. Nc3 Bg7 8. O-O
O-O 9. h3 Nd7 10. Bxc6 bxc6 11. d4 exd4 12. Nxd4 Bb7 13. Nde2 c5 14. Re1 Re8
15. Qc2 Ne5 16. Nd5 Nc6 17. Bd2 Nd4 18. Nxd4 Bxd4 19. Bc3 Bxd5 20. Bxd4 Bxe4
21. Rxe4 cxd4 22. Rxd4 Qf6 23. Rad1 Re5 24. Rd5 Rae8 25. Rxe5 Rxe5 26. b3 h5
27. Qd2 Kg7 28. Kf1 h4 29. Qd4 a5 30. a4 Rf5 31. Qxf6+ Kxf6 32. Ke2 Ke6 33. Rd4
g5 34. Ke3 Re5+ 35. Kf3 f5 36. g3 c5 37. Rd1 Re4 38. Rd5 hxg3 39. fxg3 Re1 40.
Rd3 Rf1+ 41. Kg2 Rb1 42. Kf3 Rb2 43. h4 gxh4 44. gxh4 Ke5 45. Rd5+ Ke6 46. Rd3
Rh2 47. Kg3 Rh1 48. Rd2 Ke5 49. Re2+ Kd4 50. Re6 Kc3 51. Re3+ Kd2 52. Rf3 Kc2
53. Kf4 Rxh4+ 54. Kxf5 Rh6 55. Rg3 Kb2 56. Rd3 Ka3 57. Ke4 Rh5 58. Rxd6 Kxb3
59. Rb6+ Kxc4 60. Rb5 Rh1 61. Ke3 Ra1 62. Rxa5 Ra3+ 63. Kd2 Ra2+ 64. Kc1 Kd4
65. Ra8 Kc3 66. Kb1 Rb2+ 67. Kc1 Rh2 68. Kb1 c4 69. Rc8 Rg2 70. a5 Rb2+ 71. Kc1
Ra2 72. Kb1 Rxa5 73. Rc7 Rb5+ 74. Kc1 Rh5 75. Kb1 Rh1+ 76. Ka2 Rd1 77. Rc8 Rd2+
78. Kb1 Rd1+ 79. Ka2 Rd4 80. Kb1 Kd2 81. Kb2 c3+ 82. Rxc3 Rb4+ 83. Rb3 Rxb3+
1/2-1/2

[Event "Karabakh 2005 B"]
[Site "Stepanakert ARM"]
[Date "2005.10.04"]
[Round "3.5"]
[White "Tischbierek, Raj"]
[Black "Chibukhchian, Artur"]
[Result "1/2-1/2"]
[WhiteElo "2466"]
[BlackElo "2397"]
[PlyCount "93"]
[EventDate "2005.10.01"]
[EventType "tourn"]
[EventRounds "9"]
[EventCountry "ARM"]
[EventCategory "11"]
[Source "lmi"]
[SourceDate "2005.10.13"]

1. e4 c5 2. Nf3 e6 3. d4 cxd4 4. Nxd4 a6 5. Nc3 Qc7 6. Be2 Nf6 7. O-O Nc6 8.
Kh1 d6 9. f4 Be7 10. Be3 O-O 11. a4 Bd7 12. Nb3 b6 13. Bf3 Rfe8 14. Qe2 Nb4 15.
g4 d5 16. e5 Ne4 17. Nxe4 dxe4 18. Bxe4 Bc6 19. Bg1 Bxe4+ 20. Qxe4 Qxc2 21.
Qxc2 Nxc2 22. Rac1 Nb4 23. Bxb6 Nd5 24. Bd4 Rab8 25. Na5 Rb4 26. Rc4 Rxc4 27.
Nxc4 Rb8 28. Rf3 h6 29. f5 Rc8 30. b3 Rd8 31. Kg2 Nb4 32. Bc3 Nd5 33. Bd2 Bc5
34. Kf1 Rd7 35. Ke2 Ne7 36. fxe6 fxe6 37. Rd3 Nd5 38. Rf3 Ne7 39. Be3 Bb4 40.
h3 Nc6 41. Bb6 Rb7 42. Bf2 Be7 43. Kd2 Bb4+ 44. Kc2 Rc7 45. Kb2 Rd7 46. Kc2 Be7
47. Bb6 1/2-1/2